LEADER 01165nam a2200289 u 4500 001 000000062512 003 CaOOAMICUS 005 20070226121137.0 008 011002s1986 it u000 u ita u 035 $a10904905 040 $aPUL(R)$bita 245 03$aUn itinerario di contemplazione : /$cprefazione del card. Carlo M. Martini ; presentazione di mons. Jacques Martin. 260 $aMilano :$bEd. Paoline,$c1986. 300 $a522 p. ;$c19 cm 490 1 $aSpiritualitą/Maestri.$aSeconda Serie ;$v14 500 $aContributo di vari autori certosini. 500 $aContiene indice. 504 $aBibliografia in nota. 610 24$aCertosini.$0(OLS)http://pul/subject/9043 830 0$aSpiritualitą/Maestri.$nSeconda Serie ;$v14.$0(OLS)http://pul/title/9760 850 $aPUL 852 $aPUL$W1$xSL Religione 1$y3$m41 F 84$j81267$nBK-PRI$b $qStampati$B81267$CPULBib$Z2$F81267 $H $81 941 1 $a8 960 $aOrdine dei Certosini$99043 961 $aINV: 53881 996 $6245$aUn itinerario di contemplazione :$9(OLS)http://pul/title/83401 996 $6260$aMilano :$bEd. Paoline$9(OLS)http://pul/publisher/48495 LEADER 01793namaa2200373 i 4500 001 000000177974 003 CaOOAMICUS 005 20250806122410.0 008 250804s2025 it u000 u ita r 020 $z978-88-291-1711-6* 032 $aLibriCat 040 $aPUL$bita 084 $a344. 4505 110 1 $aItalia.$0(OLS)http://pul/name/1188 245 10$aNuovo codice dei contratti pubblici :$baggiornato con il decreto legislativo 31 dicembre 2024, N. 209 correttivo al codice dei contratti pubblici /$ca cura di Francesco Saverio Marini, Giuseppe Mazzotta, Alfredo Storto. 250 $a7. edizione 260 $aPiacenza :$bLa Tribuna,$c©2025. 300 $a1086 pagine ;$c19 cm 336 $atesto$btxt$2rdacontent 337 $asenza mediazione$bn$2rdamedia 338 $avolume$bnc$2rdacarrier 490 1 $aI codici vigenti 2025 700 1 $aMarini, Francesco Saverio,$d1973-,$ecuratore.$0(OLS)http://pul/name/96868 700 1 $aStorto, Alfredo,$ecuratore.$0(OLS)http://pul/name/96870 700 1 $aMazzotta, Giuseppe,$cgiurista,$ecuratore.$0(OLS)http://pul/name/96869 830 2$aI Codici vigenti 2025.$0(OLS)http://pul/title/219536 850 $aPUL 852 $aPUL$W1$xSL Diritto e Scienze Sociali 3$y79$m348. 45 COD 3.1.171$j201915$qDDC 21$B206963$CPULBib$Z2$F206963 $H138103 $82 941 1 $a9 996 $6020$z978-88-291-1711-6*$9(OLS)http://pul/number/170551 996 $6084$a344. 4505$9(OLS)http://pul/classification/3440 996 $6245$aNuovo codice dei contratti pubblici :$baggiornato con il decreto legislativo 31 dicembre 2024, N. 209 correttivo al codice dei contratti pubblici$9(OLS)http://pul/title/219537 996 $6260$aPiacenza :$bLa Tribuna$9(OLS)http://pul/publisher/69734